| 000 | 00386nam a2200145Ia 4500 | ||
|---|---|---|---|
| 008 | 230711s9999||||xx |||||||||||||| ||und|| | ||
| 041 | _aENG | ||
| 082 |
_a720 _bRI-D |
||
| 100 | _aRichard K Thomes | ||
| 245 | 0 | _a3-dimentional design a cellular approach | |
| 250 | _a1st . Ed. | ||
| 260 |
_c1990 _aNew Delhi _bNirja Const & Development co.Ltd |
||
| 650 | _aComputer Engineering | ||
| 942 | _cBK | ||
| 999 |
_c50 _d50 |
||